|
|
|
|
| LEADER |
00000naa2a2200000 4500 |
| 001 |
212584 |
| 005 |
20231031192927.0 |
| 035 |
|
|
|a (RuTPU)RU\TPU\book\232248
|
| 035 |
|
|
|a RU\TPU\book\232246
|
| 090 |
|
|
|a 212584
|
| 100 |
|
|
|a 20120328d1964 k y0rusy50 ca
|
| 101 |
0 |
|
|a rus
|
| 102 |
|
|
|a RU
|
| 200 |
1 |
|
|a S-матрица в формализме Кеммера-Дэффина (спин 0)
|f М. Кыйв, Л. Палги
|
| 320 |
|
|
|a Библиогр.: с. 101 (10 назв.)
|
| 463 |
|
0 |
|0 (RuTPU)RU\TPU\book\232129
|t Исследования по теоретической физике и математике
|f Академия наук Эстонской ССР (АН ЭССР), Институт физики и астрономии
|v С. 67-101
|d 1964
|p 103 с.
|s Труды института физики и астрономии ; № 24
|
| 700 |
|
1 |
|a Кыйв
|b М.
|
| 701 |
|
1 |
|a Палги
|b Л.
|
| 801 |
|
1 |
|a RU
|b 63413507
|c 20120328
|
| 801 |
|
2 |
|a RU
|b 63413507
|c 20120328
|g RCR
|
| 942 |
|
|
|c BK
|